000 00483nam a22001937a 4500
003 MPLRDC
005 20220104182024.0
008 210129b ||||| |||| 00| 0 eng d
020 _a983-70-0786-9
082 _a524.9461 RAS 2000
100 _aZAITOON MOHD. RASHIDI, RAZIAH MODH. YAMIN
245 _aBIOLOGI SPM
_c
250 _a初版
260 _a
_bMAHIR
_c2000
300 _b
490 _aKOLEKSI KERTAS PEPERIKSAAN SPM
650 _a
942 _cBK
_o524.9461 RAS 2000
999 _c61754
_d61744